[Event "Waikato Open 2016"]
[Site "Hamilton NZL"]
[Date "2016.07.31"]
[Round "6.1"]
[White "Ang, Alphaeus Wei Ern"]
[Black "Gong, Daniel Hanwen"]
[Result "1-0"]
[WhiteElo "2210"]
[BlackElo "2264"]
[PlyCount "81"]
[EventDate "2016.07.29"]

1. d4 c5 2. d5 e5 3. e4 d6 4. c4 f5 5. Nc3 Nf6 6. Bd3 f4 7. g3 fxg3 8. hxg3 Be7
9. Bg5 Ng4 10. Bxe7 Qxe7 11. f3 Nh6 12. Qd2 Na6 13. O-O-O Bd7 14. Rf1 O-O-O 15.
Nd1 Rdf8 16. Ne2 Kb8 17. g4 Nf7 18. Ng3 g6 19. Be2 Ng5 20. Ne3 Rf7 21. Ng2 Rhf8
22. Qe3 Rf4 23. Nxf4 exf4 24. Qf2 fxg3 25. Qxg3 Nc7 26. Bd3 Rf7 27. Rf2 b5 28.
Re1 bxc4 29. Bxc4 Qe5 30. f4 Qd4 31. Qb3+ Bb5 32. Bxb5 Qxf2 33. Ba6+ Nb5 34.
Qxb5+ Kc7 35. Qc6+ Kd8 36. Qxd6+ Rd7 37. Qf8+ Kc7 38. Qc8+ Kd6 39. e5+ Ke7 40.
d6+ Rxd6 41. exd6+ 1-0

[Event "Waikato Open 2016"]
[Site "Hamilton NZL"]
[Date "2016.07.31"]
[Round "6.2"]
[White "Russell, M K A."]
[Black "Timergazi, Layla"]
[Result "0-1"]
[WhiteElo "2214"]
[BlackElo "2105"]
[PlyCount "76"]
[EventDate "2016.07.29"]

1. d4 Nf6 2. c4 g6 3. Nc3 Bg7 4. e4 d6 5. Nf3 O-O 6. Be2 e5 7. O-O Nc6 8. d5
Ne7 9. Ne1 Nd7 10. Nd3 f5 11. Bd2 a5 12. f4 exf4 13. Bxf4 Bxc3 14. bxc3 fxe4
15. Nb2 Nc5 16. Na4 Nxa4 17. Qxa4 Nf5 18. Qc2 g5 19. Bc1 Qe7 20. Ba3 Bd7 21.
Rae1 Ne3 22. Rxf8+ Rxf8 23. Qd2 Nf5 24. Bc1 e3 25. Qd3 Qe5 26. Rf1 Re8 27. Qc2
Nh4 28. Bd3 Rf8 29. Bxh7+ Kg7 30. Bd3 Rxf1+ 31. Bxf1 Bg4 32. Be2 Bf5 33. Qd1
Qxc3 34. g3 Ng6 35. Bf1 Ne5 36. Be2 g4 37. h3 Nf3+ 38. Kf1 Bc2 0-1

[Event "Waikato Open 2016"]
[Site "Hamilton NZL"]
[Date "2016.07.31"]
[Round "6.3"]
[White "Dare, Richard J"]
[Black "Hague, Ben"]
[Result "0-1"]
[WhiteElo "1815"]
[BlackElo "2480"]
[PlyCount "84"]
[EventDate "2016.07.29"]

1. e4 c5 2. Nf3 Nc6 3. d4 cxd4 4. Nxd4 e5 5. Nxc6 bxc6 6. c4 Nf6 7. Bd3 Bc5 8.
O-O O-O 9. Nd2 d5 10. cxd5 cxd5 11. exd5 Qxd5 12. Nb3 Bb6 13. Bg5 Bb7 14. Bxh7+
Kxh7 15. Qf3 Qxf3 16. gxf3 Bxf3 17. Rae1 Rfe8 18. Re3 Bxe3 19. fxe3 Ne4 20.
Rxf3 Nxg5 21. Rf5 Kg6 22. Rf2 Nh3+ 23. Kg2 Nxf2 24. Kxf2 Rac8 25. Kf3 Rc2 26.
Ke4 Rxb2 27. h4 Rxa2 28. Nc5 Rd2 29. Nb3 f5+ 30. Kf3 e4+ 31. Kg3 Rd3 32. Nd4
Rxe3+ 33. Kf2 f4 34. h5+ Kg5 35. h6 gxh6 36. Nc2 Rd3 37. Ne1 Rd2+ 38. Kg1 Rb8
39. Ng2 f3 40. Ne1 Rb1 41. Kf1 a6 42. Kg1 Rxe1# 0-1

[Event "Waikato Open 2016"]
[Site "Hamilton NZL"]
[Date "2016.07.31"]
[Round "6.4"]
[White "Fan, Allen Chi Zhou"]
[Black "Dive, Russell J"]
[Result "0-1"]
[WhiteElo "2053"]
[BlackElo "2440"]
[PlyCount "86"]
[EventDate "2016.07.29"]

1. Nf3 Nf6 2. c4 b6 3. g3 Bb7 4. Bg2 e6 5. O-O Be7 6. Nc3 O-O 7. d3 d5 8. cxd5
exd5 9. a4 a5 10. Bd2 Re8 11. Rc1 Na6 12. Nb5 Bf8 13. Bg5 c6 14. Nbd4 h6 15.
Bf4 c5 16. Nb5 d4 17. h3 Nd5 18. Bd2 Qd7 19. Na3 Bd6 20. Re1 Re7 21. Nc4 Bc7
22. e4 dxe3 23. Bxe3 Rd8 24. Rc2 Qxa4 25. Rd2 Qxd1 26. Rexd1 Bc6 27. d4 Bb5 28.
Nfe5 Nxe3 29. fxe3 cxd4 30. exd4 Nb4 31. b3 Be8 32. Ng4 h5 33. Nge3 b5 34. Nf5
Red7 35. Na3 g6 36. Ne3 Bxg3 37. Nec2 Nxc2 38. Nxc2 Ra7 39. d5 a4 40. b4 Bd6
41. Rd3 Rc7 42. R1d2 Rdc8 43. Re3 Bf4 0-1

[Event "Waikato Open 2016"]
[Site "Hamilton NZL"]
[Date "2016.07.31"]
[Round "6.5"]
[White "James, Jack"]
[Black "Carbonnier, Arnaud"]
[Result "1/2-1/2"]
[WhiteElo "2118"]
[BlackElo "1736"]
[PlyCount "33"]
[EventDate "2016.07.29"]

1. e4 c6 2. Nc3 d5 3. Nf3 dxe4 4. Nxe4 Nf6 5. Nxf6+ gxf6 6. d4 Bf5 7. Bd3 Bg6
8. Bf4 e6 9. Qd2 Bd6 10. O-O-O Qc7 11. Bg3 Nd7 12. Rhe1 O-O-O 13. Nh4 Kb8 14.
Nxg6 hxg6 15. Qc3 f5 16. Bxd6 Qxd6 17. h3 1/2-1/2

[Event "Waikato Open 2016"]
[Site "Hamilton NZL"]
[Date "2016.07.31"]
[Round "6.6"]
[White "Picken, Oliver"]
[Black "Mistry, Prashant"]
[Result "0-1"]
[WhiteElo "1751"]
[BlackElo "1646"]
[PlyCount "54"]
[EventDate "2016.07.29"]

1. e4 e5 2. Nf3 Nc6 3. Nc3 Nf6 4. d4 exd4 5. Nd5 Nxd5 6. exd5 Bb4+ 7. Bd2 Qe7+
8. Be2 Ne5 9. Nxe5 Bxd2+ 10. Qxd2 Qxe5 11. O-O-O O-O 12. Bf3 c5 13. Rhe1 Qf6
14. Re4 d6 15. Rf4 Qh6 16. Kb1 f5 17. h4 Bd7 18. g3 Rae8 19. Bg2 Re5 20. a3
Rfe8 21. Qa5 a6 22. Qc7 Bc8 23. Rd3 b5 24. Rdf3 R5e7 25. Qc6 Bb7 26. Qb6 Bxd5
27. Rxf5 Re1# 0-1

[Event "Waikato Open 2016"]
[Site "Hamilton NZL"]
[Date "2016.07.31"]
[Round "6.7"]
[White "Post, Martin J"]
[Black "Ha, Huy Minh (Timothy)"]
[Result "1-0"]
[WhiteElo "1933"]
[BlackElo "1746"]
[PlyCount "77"]
[EventDate "2016.07.29"]

1. e4 e6 2. Nc3 d5 3. d3 Bb4 4. Bd2 c5 5. g3 Ne7 6. Bg2 O-O 7. Nf3 dxe4 8. Nxe4
Bxd2+ 9. Qxd2 b6 10. O-O-O Bb7 11. h4 Bxe4 12. dxe4 Qxd2+ 13. Rxd2 Nbc6 14.
Rhd1 Rad8 15. Rxd8 Rxd8 16. Rxd8+ Nxd8 17. Kd2 Nec6 18. Kc3 Kf8 19. a4 e5 20.
Bf1 f6 21. Kc4 Ke7 22. h5 g6 23. Nh4 gxh5 24. c3 Kd7 25. Bh3+ Kc7 26. Bf5 Ne7
27. Bxh7 Ndc6 28. Bg6 Nxg6 29. Nxg6 a6 30. Kd5 Nd8 31. Nf8 Nf7 32. Nh7 Ng5 33.
Nxf6 Nh3 34. Nxh5 Nxf2 35. Nf6 Nd3 36. g4 b5 37. axb5 axb5 38. g5 Kb6 39. Nd7+
1-0

[Event "Waikato Open 2016"]
[Site "Hamilton NZL"]
[Date "2016.07.31"]
[Round "6.8"]
[White "Bennett, Hilton"]
[Black "Gibbons, Robert E"]
[Result "1/2-1/2"]
[WhiteElo "2074"]
[BlackElo "2083"]
[PlyCount "28"]
[EventDate "2016.07.29"]

1. c3 d5 2. d3 c5 3. e4 dxe4 4. dxe4 Qxd1+ 5. Kxd1 Nc6 6. Nd2 Bg4+ 7. f3 Be6 8.
Kc2 O-O-O 9. Nc4 f5 10. Be3 b6 11. Rd1 Rxd1 12. Kxd1 fxe4 13. fxe4 Nf6 14. Nd2
Ng4 1/2-1/2

[Event "Waikato Open 2016"]
[Site "Hamilton NZL"]
[Date "2016.07.31"]
[Round "6.9"]
[White "Marko, Helmut S"]
[Black "Nolan, Graham"]
[Result "1-0"]
[WhiteElo "2075"]
[BlackElo "1968"]
[PlyCount "85"]
[EventDate "2016.07.29"]

1. Nf3 g6 2. c4 c5 3. Nc3 Nc6 4. g3 Bg7 5. Bg2 Nf6 6. O-O O-O 7. d3 a6 8. Rb1
Rb8 9. Bd2 b5 10. b3 Nd4 11. e3 Nxf3+ 12. Bxf3 e6 13. Qc2 Qc7 14. e4 d6 15. Bg2
Nd7 16. Ne2 Bb7 17. Bc3 e5 18. Bd2 f5 19. Nc3 b4 20. Nd5 Bxd5 21. cxd5 f4 22.
Qc1 g5 23. Bh3 Rf6 24. a3 a5 25. axb4 axb4 26. Ra1 h5 27. Be6+ Kh7 28. f3 Nf8
29. Bf5+ Rxf5 30. exf5 e4 31. fxe4 Bd4+ 32. Kh1 fxg3 33. hxg3 Qg7 34. Ra6 Qe5
35. Kg2 h4 36. gxh4 gxh4 37. Bf4 Qg7+ 38. Kh3 Nd7 39. Rxd6 Nf6 40. Rxf6 Qxf6
41. Bxb8 Be5 42. Bxe5 Qxe5 43. Qf4 1-0

[Event "Waikato Open 2016"]
[Site "Hamilton NZL"]
[Date "2016.07.31"]
[Round "6.10"]
[White "Dolejs, Dan"]
[Black "Wagner, Stefan"]
[Result "1-0"]
[WhiteElo "1948"]
[BlackElo "1963"]
[PlyCount "71"]
[EventDate "2016.07.29"]

1. e4 c6 2. Nf3 d5 3. exd5 cxd5 4. d4 Nc6 5. Bb5 Nf6 6. O-O Bg4 7. Be3 e6 8.
Nbd2 Be7 9. Re1 O-O 10. h3 Bh5 11. c3 Rc8 12. Bd3 a6 13. Nf1 b5 14. Ng3 Bg6 15.
Bxg6 hxg6 16. Qd3 Qb6 17. Ne5 Na5 18. Bg5 Rfd8 19. b3 Nb7 20. Re3 Nd6 21. Nxg6
fxg6 22. Qxg6 Nde8 23. Rae1 Rc6 24. Nf5 Rd7 25. Nh6+ Kh8 26. Nf7+ Kg8 27. Ne5
Rdc7 28. Qf7+ Kh7 29. Nxc6 Bd8 30. Qxe6 Rxc6 31. Qf5+ g6 32. f4 Kg7 33. Rxe8
Nxe8 34. Rxe8 Bxg5 35. Qf8+ Kh7 36. Qh8# 1-0

[Event "Waikato Open 2016"]
[Site "Hamilton NZL"]
[Date "2016.07.31"]
[Round "6.11"]
[White "Hothersall, Rik"]
[Black "Lynn, K William"]
[Result "1/2-1/2"]
[WhiteElo "1959"]
[BlackElo "1858"]
[PlyCount "57"]
[EventDate "2016.07.29"]

1. e4 d5 2. exd5 Nf6 3. c4 e6 4. d4 exd5 5. Nf3 c6 6. Nc3 Bb4 7. Bd3 Qe7+ 8.
Be3 O-O 9. O-O Bxc3 10. bxc3 dxc4 11. Bxc4 Nbd7 12. Bg5 h6 13. Bh4 Nb6 14. Re1
Qd6 15. Bg3 Qa3 16. Qb3 Nxc4 17. Qxc4 Be6 18. Qc5 Qxc5 19. dxc5 Bd5 20. Ne5 Ne4
21. c4 Nxg3 22. cxd5 Nf5 23. dxc6 bxc6 24. Nxc6 Rfc8 25. Re5 Rxc6 26. Rxf5 Rac8
27. Rc1 f6 28. Rd5 R8c7 29. f3 1/2-1/2

[Event "Waikato Open 2016"]
[Site "Hamilton NZL"]
[Date "2016.07.31"]
[Round "6.12"]
[White "Wright, Caleb"]
[Black "Lourenco, Eva"]
[Result "1-0"]
[WhiteElo "1951"]
[BlackElo "1099"]
[PlyCount "85"]
[EventDate "2016.07.29"]

1. d4 Nf6 2. Nf3 g6 3. g3 Bg7 4. Bg2 d6 5. c4 O-O 6. O-O Nbd7 7. b3 Ng4 8. h3
Ngf6 9. Bb2 Nb6 10. Nbd2 Rb8 11. e4 c5 12. Qc2 cxd4 13. Nxd4 Bd7 14. a4 a6 15.
Rad1 Qc8 16. Kh2 Na8 17. Rc1 Nc7 18. f4 e5 19. Ne2 Bc6 20. Nb1 Nh5 21. f5 f6
22. Rcd1 Ne8 23. g4 Nf4 24. Nxf4 exf4 25. Rxf4 Bh6 26. Rff1 Qc7 27. Kh1 Ng7 28.
Qd3 gxf5 29. exf5 Bxg2+ 30. Kxg2 Rbd8 31. Qd5+ Rf7 32. Bxf6 Rdd7 33. Nc3 Be3
34. Ne4 Qc6 35. Bb2 Qxd5 36. Rxd5 Ne8 37. Rfd1 Bf4 38. Kf3 Bh2 39. R5d2 d5 40.
Rxd5 Rxd5 41. Rxd5 Re7 42. Ba3 Rc7 43. Rd8 1-0